Dayang Fatihah

Bibliographic Details
Main Author: Fatiqa Oky
Format: Book
Published: Selangor : Pustaka Emas , 2005
Series:Siri kehidupan bermasyarakat
Subjects:

MARC

LEADER 00000cam a2200000 7i4500
001 0000001365
005 20220105103921.0
008 070702
020 |a 9839675133(set) 
020 |a 9839675168 
090 0 0 |a JP   |b MAL (1071) 
100 0 |a Fatiqa Oky 
245 1 0 |a Dayang Fatihah   |c Fatiqa Oky 
260 |a Selangor :   |b Pustaka Emas ,   |c 2005 
440 |a Siri kehidupan bermasyarakat 
500 |a Children age 4-6 years old (yellow) 
650 0 |a Children stories, Malay 
999 |a 0000959316   |b Book   |c Children Collection   |e Perbadanan Perpustakaan Awam Johor 
999 |a 0000959317   |b Book   |c Children Collection   |e Cawangan Bukit Gambir 
999 |a 0000959318   |b Book   |c Children Collection   |e Perbadanan Perpustakaan Awam Johor 
999 |a 0000959319   |b Book   |c Children Collection   |e Perbadanan Perpustakaan Awam Johor 
999 |a 0000959320   |b Book   |c Children Collection   |e Cawangan Taman Universiti 
999 |a 0000986611   |b Book   |c Children Collection   |e Cawangan Tangkak 
999 |a 0000986612   |b Book   |c Children Collection   |e Cawangan Bukit Gambir 
999 |a 0001076968   |b Book   |c Children Collection   |e Cawangan Bandar Penawar